| 000 | 01910nam0a2200445 4500 | ||
|---|---|---|---|
| 001 | RU\NLR\bibl\1741154 | ||
| 005 | 20250616112849.0 | ||
| 010 | _a978-5-397-01631-5 | ||
| 021 |
_aRU _b2011-5561 _9379 |
||
| 035 | _a(nilc)RSL-KNO-004884667 | ||
| 035 | _a(NLR Aleph) 001732068 | ||
| 090 |
_a1405877 _c1405877 |
||
| 100 | _a20110208d2010 |||y0rusy50 ca | ||
| 101 | 1 |
_arus _ceng |
|
| 102 | _aRU | ||
| 105 | _ay ||||||||| | ||
| 200 | 1 |
_aЭкономическое понимание истории _dThe economic interpretation of history _fЭ. Селигмен _gпер. с англ. Б. Смирнова _zeng |
|
| 205 | _aИзд. 2-е | ||
| 210 |
_aМосква _cURSS _cЛИБРОКОМ _d2010 (макет 2011) |
||
| 215 |
_aVI, 100 с. _d22 |
||
| 225 | 1 | _aИз наследия мировой социологии | |
| 300 | _aАвт. также на англ. яз.: Seligman, Edwin Robert Anderson | ||
| 320 | _aБиблиогр. в подстроч. примеч. | ||
| 510 | 0 |
_6z73790 _aThe economic interpretation of history _zeng |
|
| 606 | 1 |
_aЭкономическая история _xТеория _92426195 _3RU\NLR\auth\661444454 |
|
| 606 | 1 |
_aЭкономическая социология _91926041 _3RU\NLR\auth\661167610 |
|
| 610 | 0 | _a"экономическое понимание истории", учение | |
| 686 |
_aТ019,0 _2rubbk |
||
| 686 | _aУ02(7США)53-175 | ||
| 686 | _aУ03(0)в | ||
| 686 | _aС550.42 | ||
| 700 | 1 |
_aСелигмен _bЭ. Р. А. _f1861-1939 _gЭдвин Роберт Андерсон _4070 |
|
| 790 | 1 |
_6z73510 _aSeligman _bE. R.A. _gEdwin Robert Anderson _4070 |
|
| 801 | 0 |
_aRU _bRuMoRKP _c20110208 _grcr |
|
| 801 | 1 |
_aRU _bRuMoRGB _c20110208 |
|
| 801 | 2 |
_aRU _bNLR _c20110301 _grcr |
|
| 942 | _cBOOK | ||
| 980 | _aNB | ||